Statistics for Closest Stars to Earth

Click here to take the quiz!

General Stats

  • This quiz has been taken 132 times
  • The average score is 5 of 20

Answer Stats

Distance (In Light Years)Answer% Correct
92,960,000 MilesSun
86%
4.24-4.37Alpha Centauri
76%
8.58Sirius
70%
5.96Barnard's Star
39%
7.78Wolf 359
27%
11.40Procyon
26%
11.89Tau Ceti
26%
9.78Ross 154
18%
8.29Lalande 21185
17%
8.73Luyten 726-8
17%
10.52Epsilon Eridani
15%
10.32Ross 248
15%
10.74Lacaille 9352
14%
10.92Ross 128
14%
11.4061 Cygni
11%
11.27EZ Aquarii
11%
11.53Stuve 2398
9%
11.82Epsilon Indi
6%
11.62Groombridge 34
6%
11.83DX Cancri
5%

Score Distribution

Percentile by Number Answered

Percent of People with Each Score

Your Score History

You have not taken this quiz